000 00455 a2200157 4500
020 _a9780970601988
082 _a001.4226
090 _c7085
_d7085
100 _aFew, Stephen
245 _aNow you see it : simple visualization techniques for quantitative analysis
_cStephen Few
260 _aCalifornia
_bAnalytic Press
_c2009
300 _a327 p.
650 _aInformation visualization--Statistics
700 _aStephen Few
942 _cBK
_k001.4226 FEW
999 _c10890
_d10890